| 000 | 00559nam a22002051i 4500 | ||
|---|---|---|---|
| 001 | bimo0001076807 | ||
| 003 | OSt | ||
| 005 | 20131120213002.0 | ||
| 008 | 900725s1976 sp spa | ||
| 020 | _a84-239-1470-4 | ||
| 040 |
_aSpMaBN _cBMC |
||
| 082 | _a920 Marañon, Gregorio | ||
| 100 |
_9449 _aLaín Entralgo, Pedro _d1908-2001 |
||
| 245 | 1 | 0 |
_aGregorio Marañón _b : vida, obra y persona _cPedro Laín Entralgo |
| 250 | _a2ª ed | ||
| 260 | 0 |
_aMadrid _bEspasa-Calpe _c1976 |
|
| 300 |
_a220 p. _c18 cm |
||
| 490 | 0 |
_aAustral _v1470 |
|
| 942 |
_2ddc _cBK |
||
| 999 |
_c642 _d642 |
||